Quiz Cultura Generale - Quiz n°19 - Statistics

Statistiche generali
  • Questo quiz è stato fatto 201 volte
    150 dall'ultimo reset
  • Il punteggio medio è 5 su 15
Statistiche sulle risposte
Domanda Risposta % Corretto
Come si traduce il termine latino "bellum"? Guerra
82%
In quale città francese fu trasferita la sede papale dal 1309 al 1377? Avignone
72%
Quale importante famiglia governò Milano dal 1450 al 1535? Sforza
62%
Qual è la radice cubica di 216? 6
56%
Quale famoso filosofo greco non ha lasciato testimonianze scritte? Socrate
53%
Come si chiama una strofa composta da quattro versi? Quartina
48%
In quale stanza si svolge il Conclave per l'elezione del Papa dal 1878? Cappella Sistina
34%
Quali sono gli unici mammiferi a deporre le uova? (Basta nominarne uno) Ornitorinco / Echidna
28%
Com'è la pressione atmosferica in un'area ciclonica? Bassa
25%
Qual è il circuito di Formula con il maggior chilometraggio complessivo (presente nel Campionato del mondo del 2023)? Circuito di Spa-Francorchamps
18%
Oltre alla Savoia, quale contea è stata ceduta alla Francia dopo la Seconda Guerra d'Indipendenza italiana? Nizza
17%
Quale ghiandola produce il TSH? Ipofisi
16%
Come sono detti i nomi che mantengono la forma del singolare anche al plurale? Invariabili
15%
Quale importante mausoleo si trova a Ravenna? Mausoleo di Teodorico
15%
In quale regione italiana si trova il sito archeologico di Carsulae? Umbria
8%
Nessun quiz corrispondente trovato
Distribuzione punteggi
Percentuale di utenti per punteggio
Percentile per numero di risposta
I tuoi punteggi nel tempo
Non hai fatto questo quiz dall'ultimo reset